| 000 | 00591aas a2200169 4500 | ||
|---|---|---|---|
| 999 |
_c50472 _d50472 |
||
| 001 | 768714001 | ||
| 003 | CO-MdFUSB | ||
| 005 | 20170911154403.0 | ||
| 008 | 170911s1992 cr ||||| |||| 00| 0 spa d | ||
| 040 |
_aCO-MdFUSB _bspa _cCO-MdFUSB _dCO-MdFUSB |
||
| 041 | _aspa | ||
| 100 | 1 |
_aFumero, Mario E. _eautor |
|
| 245 | 1 | 0 |
_aLa verdadera iglesia : _bla iglesia como cuerpo de Cristo _c/ Fumero, Mario E. |
| 300 |
_aVolumen 2. Número 15 (1992), páginas 229-230 _c28 cm. |
||
| 773 | 0 |
_tConquista Cristiana _049446 _960325 _gVolumen 2. Número 15 (1992), páginas 229-230 _qPágina 229. |
|
| 942 | _cANA | ||